000 01714nam a2200241Ia 4500
008 260220t1963||||xx |||||||||||||| ||spa||
040 _aPY-SlUNAC
_bspa
_erda
041 _aspa
082 _a540
_bB34s
100 _aBaumler, Ernst
_eAutor
245 0 _aUn siglo de química /
_cpor Ernst Baumler [Autor]
264 _aVienna :
_bEcon-Verlag Gmbh,
_c℗1963.
300 _a400 páginas
520 _a"Un siglo de química" de Ernst Baumler ofrece un análisis exhaustivo de los avances y transformaciones en el campo de la química a lo largo del siglo XX. El autor examina las principales teorías, descubrimientos y figuras clave que han moldeado la disciplina, desde la teoría atómica hasta la química orgánica y física. Baumler también aborda el impacto de la química en la industria, la medicina y el medio ambiente, subrayando su relevancia en la vida cotidiana y en la sociedad contemporánea. A través de un enfoque histórico, el libro ilustra cómo los cambios en la química han influido en otras ciencias y en la tecnología, destacando la interconexión entre el conocimiento científico y su aplicación práctica. La obra no solo sirve como un recurso educativo para estudiantes y profesionales, sino que también invita a la reflexión sobre las implicaciones éticas y sociales de los avances químicos en el mundo moderno, promoviendo una comprensión más amplia de su papel en la cultura y el progreso humano.
653 _aDesarrollo científico
653 _aHistoria de la ciencia
653 _aQuímica
942 _b2026/02/17
_cBK
999 _c7846
_d7846